| 000 | 00760nam a2200253Ia 4500 | ||
|---|---|---|---|
| 003 | OSt | ||
| 005 | 20220928114534.0 | ||
| 006 | a|||||r|||| 00| 0 | ||
| 007 | ta | ||
| 008 | 220927b |||||||| |||| 00| 0 eng d | ||
| 020 | _c7032 | ||
| 024 | _a116384 | ||
| 037 |
_b106, 21/08/2012, Excel Book International _cTextual |
||
| 040 |
_aSDCL _cSDCL _beng |
||
| 041 |
_2eng _aeng |
||
| 082 | _aR3xL24, Q2 | ||
| 100 |
_aIon Dora _9439585 |
||
| 245 | 0 |
_aKant and international relations theory _b Cosmopolitan community-building. |
|
| 260 |
_aLondon _bRoutledge _c2012 |
||
| 300 |
_ax,172p. _ccm. |
||
| 650 | _aPhilosophy | ||
| 942 |
_hR3xL24, Q2 _cTEXL _2CC |
||
| 999 |
_c755273 _d755273 |
||